000
00321nam a22001337a 4500
008
181204b xxu||||| |||| 00| 0 eng d
020
_a
9780077211646
041
_a
eng
080
_2
2nd
_a
621
100
_a
26
101
_a
MEK
245
_a
Fundamentals of Digital Logic with Verilog Design
_c
Brown,S
942
_2
udc
_c
BK
999
_c
52752
_d
52752